[Event "Elit(Eksjo-Rockaden,Umea)"]
[Site "?"]
[Date "2010.03.12"]
[Round "9"]
[White "Ornstein, Axel"]
[Black "Hammar, Ulf"]
[Result "1-0"]
[WhiteElo "2426"]
[BlackElo "2270"]
[PlyCount "57"]

1. c4 Nf6 2. Nc3 e5 3. e3 Bb4 4. Nge2 O-O 5. a3 Be7 6. Ng3 c6 7. d4 exd4 8.
exd4 d5 9. cxd5 Re8 10. dxc6 Nxc6 11. Be3 Ng4 12. Bc4 Nxe3 13. fxe3 Bg5 14. O-O
Bxe3+ 15. Kh1 Rf8 16. Rxf7 Rxf7 17. Qf3 Qe7 18. Bxf7+ Qxf7 19. Qxe3 Bd7 20. d5
Re8 21. Nge4 Nd8 22. Qxa7 Qg6 23. Qd4 Bf5 24. Ng3 Bd3 25. d6 Re6 26. Qd5 Kh8
27. d7 Rd6 28. Re1 Re6 29. Rxe6 1-0

[Event "Elit(Eksjo-Rockaden,Umea)"]
[Site "?"]
[Date "2010.03.12"]
[Round "9"]
[White "Malmstig, Erik"]
[Black "Thornert, Hakan"]
[Result "1/2-1/2"]
[WhiteElo "2307"]
[BlackElo "2215"]
[PlyCount "86"]

1. d4 d5 2. c4 e5 3. dxe5 d4 4. Nf3 Nc6 5. Nbd2 Nge7 6. Nb3 Nf5 7. g3 a5 8. e4
dxe3 9. Qxd8+ Nxd8 10. fxe3 Bb4+ 11. Kf2 O-O 12. a3 Be7 13. e4 Nh6 14. Kg2 Nc6
15. Bf4 Bg4 16. Nbd4 Nxd4 17. Nxd4 Rad8 18. Nb5 f6 19. exf6 Rxf6 20. h4 c6 21.
Nc3 Nf7 22. Be2 Bxe2 23. Nxe2 Re6 24. Nc3 Bf6 25. Rhe1 h6 26. Na4 g5 27. hxg5
hxg5 28. Bc1 Ne5 29. Nc5 Re7 30. Rf1 Kg7 31. Rf5 Kg6 32. b3 b6 33. Na4 Nd3 34.
Rxf6+ Kxf6 35. Be3 Rxe4 36. Bxb6 Re2+ 37. Kf3 Rde8 38. Nc3 R2e6 39. Bd4+ Kg6
40. Rd1 Ne5+ 41. Kg2 Ng4 42. Kf3 Ne5+ 43. Kg2 Ng4 1/2-1/2

[Event "Elit(Eksjo-Rockaden,Umea)"]
[Site "?"]
[Date "2010.03.12"]
[Round "9"]
[White "Krantz, Christopher"]
[Black "Engman, Rickard"]
[Result "1/2-1/2"]
[WhiteElo "2293"]
[BlackElo "2216"]
[PlyCount "135"]

1. d4 Nf6 2. c4 e6 3. Nf3 b6 4. Nc3 Bb7 5. Bg5 Be7 6. e3 h6 7. Bh4 Ne4 8. Bxe7
Qxe7 9. Nxe4 Bxe4 10. Be2 Qb4+ 11. Qd2 Qxd2+ 12. Nxd2 Bb7 13. Bf3 Bxf3 14. Nxf3
d6 15. Ke2 c5 16. Rhb1 Nc6 17. a3 cxd4 18. exd4 Na5 19. Nd2 Rc8 20. Rc1 Nc6 21.
Kd3 e5 22. Nf3 f5 23. dxe5 dxe5 24. Kc3 O-O 25. Rd1 e4 26. Nd4 Ne5 27. b3 a6
28. Ne6 Rfe8 29. Nf4 b5 30. Rd4 bxc4 31. bxc4 Ng4 32. Rd5 Nxf2 33. Rxf5 e3 34.
Rd5 e2 35. Re1 Re3+ 36. Nd3 Nd1+ 37. Kd4 Rce8 38. Ne5 Rxa3 39. Rxe2 Nc3 40. Re3
Nxd5 41. Rxa3 Nc7 42. Nc6 Re2 43. Rg3 Ne6+ 44. Kd5 Nf4+ 45. Kd6 Nxg2 46. Ne7+
Kh7 47. Nd5 Nh4 48. Rd3 Nf5+ 49. Kd7 Re4 50. Rc3 Nd4 51. Nc7 Ne2 52. Rc2 Nd4
53. Rc1 Ne2 54. Rc2 Nd4 55. Rb2 Nf3 56. c5 Ne5+ 57. Kc8 Rc4 58. Nxa6 Nd3 59.
Rb5 Rc2 60. h3 g5 61. Kd7 Nxc5+ 62. Rxc5 Rxc5 63. Nxc5 Kg6 64. Ne4 g4 65. hxg4
h5 66. g5 h4 67. Ke6 h3 68. Ke5 1/2-1/2

[Event "Elit(Eksjo-Rockaden,Umea)"]
[Site "?"]
[Date "2010.03.12"]
[Round "9"]
[White "Lindgren, Fredrik"]
[Black "Akvist, Hakan"]
[Result "1/2-1/2"]
[WhiteElo "2242"]
[BlackElo "2056"]
[PlyCount "58"]
[EventDate "2010.??.??"]

1. e4 d6 2. Nf3 Nf6 3. d3 g6 4. g3 Bg7 5. Bg2 O-O 6. O-O c6 7. c3 Qa5 8. h3
Nbd7 9. Nbd2 Ne5 10. Nxe5 dxe5 11. Nc4 Qc7 12. f4 Nh5 13. Qf3 exf4 14. g4 Ng3
15. Bxf4 Qxf4 16. Qxf4 Ne2+ 17. Kh1 Nxf4 18. Rxf4 Be6 19. Na5 Be5 20. Rff1 Rab8
21. d4 Bc7 22. Nb3 b6 23. d5 Bd7 24. Nd4 c5 25. Nc6 Bxc6 26. dxc6 Be5 27. Rad1
Rbc8 28. Rd7 e6 29. Rxa7 Rxc6 1/2-1/2

[Event "Elit(Eksjo-Rockaden,Umea)"]
[Site "?"]
[Date "2010.03.12"]
[Round "9"]
[White "Gustafsson, Olof"]
[Black "Nygren, David"]
[Result "1-0"]
[WhiteElo "2065"]
[BlackElo "2206"]
[PlyCount "79"]
[SourceDate "2010.03.15"]

1. e4 e6 2. d4 d5 3. exd5 exd5 4. Bd3 c5 5. c3 Nc6 6. Ne2 Bd6 7. Be3 cxd4 8.
Nxd4 Nf6 9. Nf5 O-O 10. Nxd6 Qxd6 11. Na3 Ng4 12. Nb5 Qe7 13. Qd2 a6 14. Na3
Nce5 15. O-O-O Be6 16. Bd4 Nxd3+ 17. Qxd3 Qg5+ 18. Qd2 Qg6 19. h4 b5 20. Nc2 h5
21. f3 Nh6 22. Ne3 b4 23. g4 bxc3 24. Bxc3 d4 25. Qxd4 Bxa2 26. gxh5 Qb1+ 27.
Kd2 Qh7 28. Ke2 Rfe8 29. Kf2 f6 30. Rhg1 Rf8 31. Rg6 Bf7 32. Rdg1 Bxg6 33. hxg6
Ng4+ 34. Rxg4 Qh6 35. Nf5 Qc1 36. Qd7 Ra7 37. Ne7+ Kh8 38. Qxa7 Qc2+ 39. Kg3 f5
40. Bxg7+ 1-0

[Event "Elit(Farsta-Kamraterna)"]
[Site "?"]
[Date "2010.03.12"]
[Round "9"]
[White "Aberg, Anton"]
[Black "Livner, Anders"]
[Result "1/2-1/2"]
[WhiteElo "2454"]
[BlackElo "2396"]
[PlyCount "80"]
[SourceDate "2010.03.16"]

1. c4 c5 2. Nf3 Nc6 3. g3 g6 4. Bg2 Bg7 5. O-O Nf6 6. d4 cxd4 7. Nxd4 O-O 8.
Nc3 Nxd4 9. Qxd4 d6 10. Qd3 a6 11. e4 Be6 12. b3 Qa5 13. Bb2 Qh5 14. Qe2 Bg4
15. f3 Bd7 16. Rfd1 Qc5+ 17. Kh1 b5 18. Rac1 bxc4 19. Nd5 Nxd5 20. Bxg7 Kxg7
21. Rxd5 Qa3 22. Qd2 a5 23. Rxc4 Rfc8 24. Bf1 a4 25. Qc3+ Kg8 26. Ra5 Qxa2 27.
Raxa4 Qf2 28. Bg2 Be6 29. Rc7 Rxa4 30. Rxc8+ Bxc8 31. bxa4 Ba6 32. Qc1 Qa2 33.
Qd1 Bc4 34. h4 Bb3 35. Qc1 Qxa4 36. Qc8+ Kg7 37. Qb7 Kf8 38. Qb8+ Kg7 39. Qb7
Kf8 40. Qb8+ Kg7 1/2-1/2

[Event "Elit(Farsta-Kamraterna)"]
[Site "?"]
[Date "2010.03.12"]
[Round "9"]
[White "Backelin, Rikard"]
[Black "Svensson, Bengt"]
[Result "1/2-1/2"]
[WhiteElo "2428"]
[BlackElo "2468"]
[PlyCount "55"]

1. e4 c5 2. Nf3 d6 3. Bb5+ Bd7 4. Bxd7+ Qxd7 5. c4 Nf6 6. Nc3 g6 7. d4 cxd4 8.
Nxd4 Bg7 9. h3 Nc6 10. Be3 O-O 11. O-O Rac8 12. b3 Rfd8 13. Qd2 e6 14. Rac1 d5
15. exd5 exd5 16. cxd5 Nxd5 17. Nxd5 Nxd4 18. Rxc8 Rxc8 19. Bxd4 Qxd5 20. Rd1
Rd8 21. Be3 Qxd2 22. Rxd2 Rxd2 23. Bxd2 Kf8 24. Be3 a6 25. Kf1 Ke7 26. Ke2 Ke6
27. Kd3 Kd5 28. f3 1/2-1/2

[Event "Elit(Farsta-Kamraterna)"]
[Site "?"]
[Date "2010.03.12"]
[Round "9"]
[White "Andreasson, Ingvar"]
[Black "Ong, Kezli"]
[Result "1/2-1/2"]
[WhiteElo "2434"]
[BlackElo "2325"]
[PlyCount "33"]

1. Nf3 Nf6 2. b3 c5 3. Bb2 Nc6 4. e3 g6 5. c4 Bg7 6. Be2 O-O 7. O-O b6 8. Na3
Bb7 9. d4 cxd4 10. Nxd4 Nxd4 11. Bxd4 d6 12. Bf3 Qd7 13. Rc1 Rfd8 14. Rc2 Rac8
15. Rd2 Bxf3 16. Qxf3 Qc6 17. Qxc6 1/2-1/2

[Event "Elit(Farsta-Kamraterna)"]
[Site "?"]
[Date "2010.03.12"]
[Round "9"]
[White "Hjelm, Niclas"]
[Black "Svenn, Gosta"]
[Result "1-0"]
[WhiteElo "2397"]
[BlackElo "2380"]
[PlyCount "136"]

1. d4 Nf6 2. c4 d6 3. Nf3 Bg4 4. Qb3 Qc8 5. Nc3 e6 6. g3 Be7 7. Bg2 c6 8. O-O
Nbd7 9. Rd1 O-O 10. Bf4 Re8 11. Rac1 Bf8 12. Qc2 h6 13. b4 e5 14. Be3 exd4 15.
Bxd4 Ne5 16. c5 Nxf3+ 17. exf3 Bf5 18. Qb2 Qe6 19. cxd6 Bxd6 20. a3 Bc7 21. b5
Bb6 22. Bxb6 axb6 23. bxc6 bxc6 24. Qxb6 Rxa3 25. Qc5 Ra6 26. Bf1 Raa8 27. Rd6
Qe5 28. Qxe5 Rxe5 29. Rxc6 Re7 30. Nb5 Rd8 31. Nd6 Be6 32. Ne4 Ne8 33. Bc4 Bxc4
34. R6xc4 Kf8 35. Rc6 Red7 36. Kg2 Re7 37. h4 Ra7 38. R1c2 Re7 39. Rc8 Red7 40.
h5 Rxc8 41. Rxc8 Ke7 42. Rc6 Rc7 43. Rb6 f5 44. Nd2 Nf6 45. Rb5 Nxh5 46. Rxf5
Nf6 47. Ne4 Ke6 48. Ra5 Kf7 49. Ra6 Rd7 50. Nd6+ Ke7 51. Nc4 Rc7 52. Ne3 Rd7
53. f4 Kf7 54. Nc4 Rc7 55. Ne5+ Ke7 56. f5 Rb7 57. g4 Rc7 58. Re6+ Kf8 59. f3
Ra7 60. Kg3 Rb7 61. Kf2 Ra7 62. Ke3 Rb7 63. Kd4 Rc7 64. f4 Ra7 65. Kd3 Rb7 66.
Kc4 Ra7 67. Kb5 Rb7+ 68. Kc6 Ra7 1-0

[Event "Elit(Farsta-Kamraterna)"]
[Site "?"]
[Date "2010.03.12"]
[Round "9"]
[White "Akbarinia, Arash"]
[Black "Wieweg, Johnny"]
[Result "1-0"]
[WhiteElo "2349"]
[BlackElo "2215"]
[PlyCount "87"]

1. Nf3 Nf6 2. c4 g6 3. g3 Bg7 4. Bg2 O-O 5. O-O c6 6. d4 d5 7. Qb3 Qb6 8. Nc3
Bf5 9. Qxb6 axb6 10. cxd5 cxd5 11. Bf4 Nc6 12. e3 Rfc8 13. h3 Nb4 14. Ne5 Ne4
15. g4 f6 16. gxf5 fxe5 17. dxe5 gxf5 18. a3 Nxc3 19. bxc3 Nc2 20. Bxd5+ Kf8
21. Bxb7 Nxa1 22. Rxa1 Rab8 23. Bxc8 Rxc8 24. Rb1 Rc6 25. Rb3 Kf7 26. Kf1 Ke6
27. Ke2 Bxe5 28. Bxe5 Kxe5 29. f4+ Kd6 30. Kd3 Kc7 31. Rb5 Rh6 32. Rxf5 Rxh3
33. Kd4 Rh1 34. e4 h5 35. Ke5 h4 36. Ke6 Re1 37. e5 Re4 38. Kxe7 h3 39. e6 Rc4
40. Rh5 Rxc3 41. f5 Rc5 42. Kf6 Rc3 43. Kf7 Rc5 44. e7 1-0

[Event "Elit(Farsta-Kamraterna)"]
[Site "?"]
[Date "2010.03.12"]
[Round "9"]
[White "Jaderberg, Bjorn"]
[Black "Hamark, Jesper"]
[Result "0-1"]
[WhiteElo "2243"]
[BlackElo "2394"]
[PlyCount "72"]

1. c4 e5 2. Nc3 Nc6 3. Nf3 f5 4. d4 e4 5. Ng5 Bb4 6. Nh3 Nf6 7. e3 Bxc3+ 8.
bxc3 d6 9. Be2 O-O 10. O-O Ne7 11. f3 Ng6 12. Bd2 Qe7 13. Qc2 b6 14. Kh1 Bd7
15. Rae1 Rae8 16. Bd1 exf3 17. Bxf3 Ne4 18. Nf4 Qf7 19. Nxg6 Qxg6 20. Qd1 Qg5
21. Bxe4 Rxe4 22. Rf4 Rfe8 23. Ref1 Qg6 24. Rxe4 Rxe4 25. Rf4 Rxf4 26. exf4 Qe6
27. h3 Qxc4 28. Qb3 Be6 29. Qxc4 Bxc4 30. a3 Kf7 31. Kg1 Ke6 32. Kf2 Kd5 33. g4
Bd3 34. Be1 Kc4 35. Kg3 Kb3 36. Kh4 Kxa3 0-1

[Event "Elit(Farsta-Kamraterna)"]
[Site "?"]
[Date "2010.03.12"]
[Round "9"]
[White "Madebrink, Lars"]
[Black "Svensk, Ingemar"]
[Result "0-1"]
[WhiteElo "2262"]
[BlackElo "2259"]
[PlyCount "40"]

1. d4 d5 2. c4 dxc4 3. Qa4+ c6 4. Qxc4 Nf6 5. Nf3 Bf5 6. Nc3 e6 7. g3 Be7 8.
Bg2 O-O 9. O-O Nbd7 10. Qb3 Qb6 11. Nd2 e5 12. d5 cxd5 13. Nxd5 Nxd5 14. Bxd5
Nc5 15. Qf3 Be6 16. Nc4 e4 17. Qh5 Qa6 18. Bxe6 Qxe6 19. b3 Rad8 20. Be3 Rd5
0-1

[Event "Elit(Farsta-Kamraterna)"]
[Site "?"]
[Date "2010.03.12"]
[Round "9"]
[White "Iversen, Kent"]
[Black "Nyberg, Ulf"]
[Result "0-1"]
[WhiteElo "2078"]
[BlackElo "2123"]
[PlyCount "78"]

1. d4 Nf6 2. c4 e6 3. Nf3 c5 4. d5 b5 5. cxb5 exd5 6. g3 Be7 7. Bg2 Bb7 8. O-O
O-O 9. b4 d6 10. Nbd2 Nbd7 11. Nb3 a6 12. Na5 Qb6 13. Nxb7 Qxb7 14. bxa6 Rxa6
15. bxc5 dxc5 16. Nh4 g6 17. Bg5 Rfa8 18. Qc2 R8a7 19. Rfd1 Qa8 20. Rd2 Bd6 21.
Bf4 Bxf4 22. gxf4 Ra4 23. e3 Ne4 24. Bxe4 Rxe4 25. Nf3 Ra3 26. Qd1 Nb6 27. Rb1
Rb4 28. Rxb4 cxb4 29. Qe2 Nc4 30. Rc2 Qa4 31. Nd4 Nd6 32. Nf3 Ne4 33. Ng5 Nc3
34. Qd3 Rxa2 35. Rc1 Ne2+ 36. Kf1 Nxc1 37. Qxd5 Qa6+ 38. Kg1 Ne2+ 39. Kg2 Qa8
0-1

[Event "Elit(Vasteras-Manhem)"]
[Site "?"]
[Date "2010.03.12"]
[Round "9"]
[White "Nithander, Victor"]
[Black "Akesson, Ralf"]
[Result "0-1"]
[WhiteElo "2489"]
[BlackElo "2504"]
[PlyCount "118"]

1. e4 c5 2. Nf3 e6 3. Nc3 Nc6 4. d4 cxd4 5. Nxd4 a6 6. Nxc6 bxc6 7. Bd3 d5 8.
O-O Nf6 9. Re1 Be7 10. Bf4 Bb7 11. Qf3 d4 12. Na4 c5 13. b3 O-O 14. Nb2 Nd7 15.
Nc4 a5 16. Qg3 Bh4 17. Qg4 Kh8 18. a4 Be7 19. Rad1 Nb6 20. Na3 Qd7 21. Qg3 Rfc8
22. Bb5 Bc6 23. Qd3 f6 24. Bg3 e5 25. c4 Bd6 26. Re2 Qe7 27. Bxc6 Rxc6 28. Nb5
Bb8 29. Nc3 Bd6 30. Nd5 Qb7 31. f3 Nxd5 32. exd5 Rb6 33. Rb1 Rb8 34. Reb2 Qd7
35. Be1 Ra6 36. Re2 Re8 37. Bg3 Raa8 38. Rbe1 g6 39. Qd2 Kg7 40. h3 Qc7 41. f4
Re7 42. fxe5 Bxe5 43. Bxe5 fxe5 44. Re4 Rf8 45. Qe2 Rfe8 46. Qg4 Rf7 47. Qe2
Rfe7 48. h4 h5 49. g3 Qb6 50. Qd3 Qd6 51. Kh1 Rf8 52. Kg2 Rf5 53. R1e2 Qf6 54.
Rd2 Rf7 55. Ree2 Rf3 56. Qe4 d3 57. Rxd3 Rxd3 58. Qxd3 Qf1+ 59. Kh2 Rf2+ 0-1

[Event "Elit(Vasteras-Manhem)"]
[Site "?"]
[Date "2010.03.12"]
[Round "9"]
[White "Norberg, Johan"]
[Black "Akesson, Joel"]
[Result "1-0"]
[WhiteElo "2339"]
[BlackElo "2377"]
[PlyCount "77"]

1. e4 e6 2. d4 d5 3. exd5 exd5 4. Bd3 Nc6 5. c3 Bd6 6. Be3 Nge7 7. Qf3 Be6 8.
Ne2 Qd7 9. h3 Bf5 10. Bxf5 Qxf5 11. Nd2 O-O-O 12. O-O-O Rhe8 13. g4 Qxf3 14.
Nxf3 h6 15. Rhg1 Ng6 16. h4 f6 17. Kd2 Na5 18. b3 b6 19. h5 Nf8 20. Nh4 Nb7 21.
f4 Ne6 22. Nf5 Rh8 23. Rdf1 c6 24. Kd3 Kd7 25. Bd2 Bf8 26. Nh4 Nd6 27. Ng3 Nf7
28. Rf3 Bd6 29. Ng6 Rhe8 30. Nf5 Bc7 31. Re1 Nd6 32. Rxe6 Rxe6 33. Nxg7 Re4 34.
g5 Nf7 35. gxf6 c5 36. Ne5+ Bxe5 37. fxe5 Kc6 38. e6 Nd6 39. Bxh6 1-0

[Event "Elit(Vasteras-Manhem)"]
[Site "?"]
[Date "2010.03.12"]
[Round "9"]
[White "Andersson, Bjorn"]
[Black "Sjodahl, Pontus"]
[Result "1/2-1/2"]
[WhiteElo "2331"]
[BlackElo "2466"]
[PlyCount "53"]

1. e4 e6 2. d4 d5 3. e5 c5 4. c3 Qb6 5. Nf3 Bd7 6. a3 Bb5 7. c4 dxc4 8. Nc3 Ba6
9. d5 Ne7 10. Bxc4 Bxc4 11. Qa4+ Nd7 12. Qxc4 exd5 13. Nxd5 Qc6 14. Nc3 Nb6 15.
Qe2 Nbd5 16. Nxd5 Nxd5 17. O-O Be7 18. Ng5 O-O 19. Qe4 Bxg5 20. Bxg5 Rfe8 21.
Rad1 Ne7 22. Qxc6 Nxc6 23. f4 Nd4 24. Bh4 Rac8 25. Rfe1 Kf8 26. Kf1 b6 27. Rd3
1/2-1/2

[Event "Elit(Vasteras-Manhem)"]
[Site "?"]
[Date "2010.03.12"]
[Round "9"]
[White "Eriksson, Anders"]
[Black "Carlhammar, Magnus"]
[Result "1-0"]
[WhiteElo "2362"]
[BlackElo "2328"]
[PlyCount "143"]

1. Nf3 d6 2. g3 e5 3. Bg2 Nf6 4. c4 Be7 5. O-O O-O 6. Nc3 Nbd7 7. d4 c6 8. Qc2
Re8 9. e4 a6 10. Re1 b5 11. b3 Bb7 12. Bb2 Bf8 13. Rad1 b4 14. Nb1 Qc7 15. Nbd2
exd4 16. Nxd4 g6 17. Ne2 Bg7 18. Nf4 Nc5 19. Nd3 Nxd3 20. Qxd3 Rad8 21. Nf1 c5
22. f3 Nh5 23. Bxg7 Nxg7 24. Ne3 Ne6 25. Nc2 Bc6 26. Qd2 Qe7 27. Re3 Qf6 28.
Rd3 Qb2 29. Ne3 Qxd2 30. R3xd2 Nd4 31. Nc2 Nxc2 32. Rxc2 f5 33. Rcd2 fxe4 34.
Rxd6 Rxd6 35. Rxd6 exf3 36. Rxc6 fxg2 37. Rxa6 Re2 38. Ra5 Kf7 39. Rxc5 Rxa2
40. Rb5 Ke6 41. Rxb4 Rc2 42. Rb5 Kf6 43. Rb8 Kg5 44. Rf8 Rc3 45. Kxg2 Rxb3 46.
h4+ Kh5 47. Rf3 Rb2+ 48. Kh3 Rc2 49. Rf7 Kh6 50. Rc7 Rc3 51. Kg4 Rc1 52. Kf4
Rf1+ 53. Ke5 Re1+ 54. Kd5 Rg1 55. c5 Rxg3 56. Re7 Rd3+ 57. Kc4 Rh3 58. Re4 Rh1
59. c6 g5 60. Kd5 Rd1+ 61. Rd4 Rc1 62. Rc4 Rd1+ 63. Ke6 Re1+ 64. Kf5 Rf1+ 65.
Kg4 Rf8 66. c7 Rc8 67. hxg5+ Kg7 68. Kf5 Kf7 69. Rc1 Kg7 70. Rc6 Kf7 71. Ke5
Re8+ 72. Kd6 1-0

[Event "Elit(Vasteras-Manhem)"]
[Site "?"]
[Date "2010.03.12"]
[Round "9"]
[White "Olausson, Claes-Goran"]
[Black "Sandberg, Richard"]
[Result "1-0"]
[WhiteElo "2365"]
[BlackElo "2270"]
[PlyCount "72"]

1. Nf3 d6 2. d4 g6 3. e4 Nf6 4. Nc3 Bg7 5. Be2 O-O 6. O-O Bg4 7. Be3 Nc6 8. h3
Bxf3 9. Bxf3 e5 10. d5 Ne7 11. Qd3 Kh8 12. a4 Neg8 13. g4 Ne8 14. Qb5 Qc8 15.
Bg2 f5 16. f3 Bh6 17. Bf2 Rf7 18. Qc4 Nef6 19. b4 Qd7 20. a5 fxg4 21. fxg4 Bg5
22. Qe2 h5 23. h4 Bf4 24. g5 Ng4 25. Bh3 Kg7 26. Kg2 Qe7 27. Bxg4 hxg4 28. Qxg4
Bd2 29. Qg3 Rf4 30. Ne2 Rxe4 31. Qd3 Rg4+ 32. Bg3 Bxb4 33. Ra4 Qd7 34. Qf3 Rc4
35. c3 Qxa4 36. Qf7+ Kh8 1-0

[Event "Elit(Vasteras-Manhem)"]
[Site "?"]
[Date "2010.03.12"]
[Round "9"]
[White "Brustkern, Jurgen"]
[Black "Welin, Mats"]
[Result "0-1"]
[WhiteElo "2305"]
[BlackElo "2357"]
[PlyCount "74"]

1. d4 Nf6 2. c4 e6 3. Nf3 d5 4. Nc3 Be7 5. Bg5 h6 6. Bh4 O-O 7. e3 b6 8. g4 Ne4
9. Bxe7 Qxe7 10. cxd5 exd5 11. Nxd5 Qd6 12. Nc3 Nxc3 13. bxc3 Bxg4 14. Rg1 Bh5
15. Be2 Nd7 16. Qb3 c5 17. Rg3 cxd4 18. cxd4 Rac8 19. Nh4 Qf6 20. Ng2 Nc5 21.
Qd5 Bxe2 22. Kxe2 Rfd8 23. Qf3 Qe6 24. Kf1 Ne4 25. Nf4 Nxg3+ 26. Qxg3 Qf5 27.
h4 Rc2 28. Kg2 b5 29. Kh1 Rdc8 30. Rg1 g6 31. f3 Rc1 32. e4 Rxg1+ 33. Kxg1 Qf6
34. Ne2 Rc2 35. Qb8+ Kg7 36. Qxb5 Qxf3 37. Qe5+ Kh7 0-1

[Event "Elit(Vasteras-Manhem)"]
[Site "?"]
[Date "2010.03.12"]
[Round "9"]
[White "Kinnmark, Ove"]
[Black "Norberg, Erik"]
[Result "0-1"]
[WhiteElo "2264"]
[BlackElo "2246"]
[PlyCount "106"]

1. e4 g6 2. d4 Bg7 3. c3 d6 4. g3 Nf6 5. Bg2 O-O 6. Ne2 e5 7. O-O Nc6 8. h3 Re8
9. d5 Nb8 10. c4 Na6 11. Nbc3 c6 12. Be3 Bd7 13. dxc6 Bxc6 14. Qd2 Nc5 15. f3
a5 16. Rad1 Bf8 17. Kh2 Qc7 18. Rc1 b6 19. Rfd1 Qb7 20. Nd5 Nxd5 21. cxd5 Bb5
22. Rc3 Rec8 23. Rdc1 Rc7 24. h4 Bd7 25. Bh6 Be7 26. Bg5 f6 27. Be3 Rac8 28.
Bf1 f5 29. Bg2 b5 30. Bg5 Bf8 31. b3 b4 32. R3c2 a4 33. Qe3 axb3 34. axb3 Qa6
35. h5 Bb5 36. Ng1 Bd3 37. Rd2 Bb5 38. Rdc2 Qa3 39. exf5 gxf5 40. Bf6 h6 41. f4
e4 42. Bb2 Qa8 43. g4 fxg4 44. Rxc5 dxc5 45. Qxe4 Qa6 46. f5 Bg7 47. Qxg4 Kh8
48. Bxg7+ Rxg7 49. Qf4 Qa2 50. Qxh6+ Kg8 51. Qe6+ Kh7 52. Qe4 Bd3 53. Qf3 Rcg8
0-1

[Event "Elit(Vasteras-Manhem)"]
[Site "?"]
[Date "2010.03.12"]
[Round "9"]
[White "Janse, Rasmus"]
[Black "Moberg, Karl Johan"]
[Result "1/2-1/2"]
[WhiteElo "2241"]
[BlackElo "2322"]
[PlyCount "80"]

1. d4 Nf6 2. c4 g6 3. Nc3 d5 4. cxd5 Nxd5 5. e4 Nxc3 6. bxc3 Bg7 7. Bc4 c5 8.
Ne2 O-O 9. O-O Nc6 10. Be3 Na5 11. Bd3 b6 12. Qd2 e5 13. dxc5 Be6 14. Rfd1 Qc7
15. cxb6 axb6 16. Qb2 Nc4 17. Bxc4 Qxc4 18. f3 b5 19. Rd2 Rfd8 20. Rxd8+ Rxd8
21. Rb1 Qd3 22. Kf2 Bc4 23. Re1 Ra8 24. Nc1 Qd8 25. g3 Qd7 26. Kg2 h5 27. Qc2
Qe6 28. Qb2 Bf8 29. Rd1 Ba3 30. Qc2 Bxc1 31. Qxc1 Rxa2+ 32. Rd2 Qa6 33. Qb1
Rxd2+ 34. Bxd2 Qa2 35. Qxa2 Bxa2 36. Bg5 Kg7 37. Be7 f6 38. Bd6 Kf7 39. Kf2 Ke6
40. Bb4 Bc4 1/2-1/2

[Event "Elit(LASK-Team Viking)"]
[Site "?"]
[Date "2010.03.12"]
[Round "9"]
[White "Agrest, Evgenij"]
[Black "Smith, Axel"]
[Result "1/2-1/2"]
[WhiteElo "2680"]
[BlackElo "2516"]
[PlyCount "86"]
[SourceDate "2010.03.17"]

1. c4 Nf6 2. Nc3 e5 3. Nf3 Nc6 4. g3 Nd4 5. Bg2 Nxf3+ 6. Bxf3 Bb4 7. Bg2 O-O 8.
O-O Re8 9. d4 d6 10. dxe5 Bxc3 11. bxc3 Rxe5 12. Bf4 Ra5 13. Rb1 Rb8 14. Qd2 b6
15. Rb5 Rxb5 16. cxb5 Bb7 17. f3 a6 18. c4 Qe8 19. Rc1 Nd7 20. e4 Ra8 21. Be3
h6 22. Bd4 Qe6 23. Qc3 f6 24. Bf1 Ne5 25. Re1 Kh8 26. a3 Nd7 27. Re3 Re8 28.
Qd2 Ne5 29. Qc3 Nd7 30. Be2 Re7 31. Qc2 Re8 32. Bf1 Re7 33. Qc1 Re8 34. Bg2 Ne5
35. Rc3 Nd7 36. Qf1 a5 37. Bh3 Qf7 38. Bg2 Re7 39. Qc1 Re8 40. Bh3 Ne5 41. Bg2
Nd7 42. Re3 Ne5 43. Rc3 Nd7 1/2-1/2

[Event "Elit(LASK-Team Viking)"]
[Site "?"]
[Date "2010.03.12"]
[Round "9"]
[White "Grandelius, Nils"]
[Black "Matlakov, Maxim"]
[Result "1/2-1/2"]
[WhiteElo "2560"]
[BlackElo "2643"]
[PlyCount "74"]

1. e4 e5 2. Nf3 Nc6 3. Bb5 Nf6 4. d3 d6 5. O-O Bd7 6. Re1 g6 7. d4 Bg7 8. d5
Ne7 9. Bxd7+ Nxd7 10. c4 h6 11. Nc3 O-O 12. b4 f5 13. Bb2 Nf6 14. Qd3 f4 15. c5
g5 16. cxd6 cxd6 17. Rac1 Ng6 18. Rc2 g4 19. Nd2 f3 20. g3 Nh5 21. Nc4 Nhf4 22.
gxf4 Nxf4 23. Qf1 h5 24. Ne3 Qg5 25. Nf5 Rac8 26. Bc1 Rxf5 27. exf5 Qxf5 28.
Bxf4 Qxc2 29. Rc1 Qb2 30. Qe1 exf4 31. Qe6+ Kh7 32. Qf5+ Kh6 33. Qe6+ Kh7 34.
Qf5+ Kh6 35. Re1 Re8 36. Re6+ Rxe6 37. Qxe6+ Kh7 1/2-1/2

[Event "Elit(LASK-Team Viking)"]
[Site "?"]
[Date "2010.03.12"]
[Round "9"]
[White "Ivanov, Sergej"]
[Black "Semcesen, Daniel"]
[Result "0-1"]
[WhiteElo "2629"]
[BlackElo "2489"]
[PlyCount "80"]
[EventDate "2010.??.??"]

1. d4 d5 2. c4 dxc4 3. Nf3 Nf6 4. e3 Bg4 5. Bxc4 e6 6. h3 Bh5 7. Nc3 a6 8. O-O
Nc6 9. Qe2 Bb4 10. a3 Bxc3 11. bxc3 Ne4 12. g4 Bg6 13. Bb2 h5 14. Kg2 Ng5 15.
Nxg5 Qxg5 16. f3 O-O-O 17. Rad1 hxg4 18. hxg4 Rh4 19. Rh1 Rdh8 20. e4 Qf4 21.
Rxh4 Rxh4 22. Kg1 Bxe4 23. Rf1 Rxg4+ 24. Kf2 Rh4 25. Rg1 Rh2+ 26. Rg2 Qh4+ 27.
Ke3 Bxf3 28. Rxh2 Qe4+ 29. Kd2 Bxe2 30. Rxe2 Qb1 31. Ke3 Ne7 32. a4 Nf5+ 33.
Kf2 Nd6 34. Bb3 Ne4+ 35. Ke3 Nxc3 36. Bxe6+ fxe6 37. Bxc3 Qb3 38. Kd3 Qxa4 39.
Rxe6 Qd1+ 40. Ke3 Qb3 0-1

[Event "Elit(LASK-Team Viking)"]
[Site "?"]
[Date "2010.03.12"]
[Round "9"]
[White "Bejtovic, Jasmin"]
[Black "Markovic, Miroslav"]
[Result "0-1"]
[WhiteElo "2405"]
[BlackElo "2535"]
[PlyCount "80"]
[EventDate "2010.??.??"]

1. e4 c5 2. Nf3 d6 3. d4 cxd4 4. Nxd4 Nf6 5. Nc3 Bd7 6. Bc4 a6 7. O-O e6 8. f4
Nc6 9. Be3 Be7 10. f5 Nxd4 11. Bxd4 e5 12. Be3 Rc8 13. Bb3 O-O 14. Bg5 Rxc3 15.
Bxf6 Rc5 16. Bxe7 Qxe7 17. Qh5 Qf6 18. Rad1 Bb5 19. Rf2 Bc4 20. Rfd2 Rd8 21.
Qf3 h6 22. Qe3 Rc6 23. Bxc4 Rxc4 24. b3 Rc6 25. c4 b5 26. cxb5 axb5 27. Qe2 Qg5
28. Rd3 Rdc8 29. Rg3 Qh4 30. Rg4 Qe7 31. h3 b4 32. Kh2 Rc3 33. Qf2 Qf6 34. h4
R8c6 35. Rd2 Kh7 36. Qa7 Rc2 37. Rd3 R6c3 38. Rdg3 Rxg3 39. Kxg3 d5 40. exd5
Qxf5 0-1

[Event "Elit(LASK-Team Viking)"]
[Site "?"]
[Date "2010.03.12"]
[Round "9"]
[White "Degerman, Lars"]
[Black "Tikkanen, Hans"]
[Result "0-1"]
[WhiteElo "2453"]
[BlackElo "2504"]
[PlyCount "50"]
[EventDate "2010.??.??"]

1. Nf3 d5 2. g3 Nc6 3. Bg2 e5 4. O-O e4 5. Ne1 f5 6. d3 Be6 7. c4 dxc4 8. Nc3
cxd3 9. exd3 Qd7 10. Qa4 Qd4 11. Qb5 O-O-O 12. dxe4 a6 13. Qe2 Bc4 14. Qf3 fxe4
15. Nxe4 Bxf1 16. Bxf1 Qd1 17. Qf5+ Kb8 18. Bg5 Qxa1 19. Bxd8 Be7 20. Bxc7+
Kxc7 21. Qf4+ Kd8 22. Qd2+ Ke8 23. Bh3 Nf6 24. Ng5 h6 25. Ne6 Bb4 0-1

[Event "Elit(LASK-Team Viking)"]
[Site "?"]
[Date "2010.03.12"]
[Round "9"]
[White "Gajic, Mladen"]
[Black "Ernst, Thomas"]
[Result "0-1"]
[WhiteElo "2337"]
[BlackElo "2491"]
[PlyCount "92"]
[SourceDate "2010.03.17"]

1. e4 c5 2. c3 Nf6 3. e5 Nd5 4. Bc4 Nb6 5. Bb3 Nc6 6. Nf3 d6 7. exd6 Qxd6 8.
Na3 a6 9. O-O e6 10. Ng5 Be7 11. Qh5 g6 12. Qh6 Bf8 13. Qh4 Qe7 14. d3 Bg7 15.
Be3 h6 16. Nf3 Qxh4 17. Nxh4 Bf8 18. Rfe1 Bd7 19. f4 O-O-O 20. Nf3 Bd6 21. Nd2
f5 22. Nac4 Nxc4 23. Nxc4 Kc7 24. Nxd6 Kxd6 25. d4 cxd4 26. Rad1 Rhe8 27. Bxd4
Nxd4 28. Rxd4+ Ke7 29. Red1 g5 30. g3 Rg8 31. Kf2 h5 32. R1d3 h4 33. fxg5 hxg3+
34. Rxg3 Bc6 35. Re3 Be4 36. Rg3 Rh8 37. Rxd8 Rxd8 38. g6 f4 39. Rg4 Bf5 40.
Rxf4 Bxg6 41. Ke2 e5 42. Rb4 b5 43. Rh4 Kf6 44. c4 Bd3+ 45. Kf2 Kg5 46. Kg3 Bf5
0-1

[Event "Elit(LASK-Team Viking)"]
[Site "?"]
[Date "2010.03.12"]
[Round "9"]
[White "Sagit, Rauan"]
[Black "Olsson, Linus"]
[Result "1/2-1/2"]
[WhiteElo "2447"]
[BlackElo "2357"]
[PlyCount "86"]

1. e4 c5 2. Nf3 d6 3. d4 cxd4 4. Nxd4 Nf6 5. Nc3 a6 6. f4 Qc7 7. Bd3 g6 8. O-O
Bg7 9. Nf3 Nbd7 10. Kh1 O-O 11. Qe2 e6 12. f5 b5 13. a3 Bb7 14. Bd2 Rae8 15.
Qf2 exf5 16. exf5 Ne5 17. Nxe5 dxe5 18. Qg3 Qc8 19. Bg5 e4 20. Be2 Kh8 21. Qh4
Qc6 22. Rad1 Re5 23. fxg6 fxg6 24. Be3 Ree8 25. Rf2 Ng8 26. Rxf8 Rxf8 27. Qg3
Ne7 28. Bd4 Bxd4 29. Rxd4 Qf6 30. Rd1 Nf5 31. Qf4 Nh4 32. Qxf6+ Rxf6 33. Rd8+
Kg7 34. Nd1 Nf5 35. Kg1 Rd6 36. Rxd6 Nxd6 37. Kf2 Kf6 38. g4 g5 39. c3 Ke5 40.
Ne3 h6 41. Bd1 Bc8 42. a4 Be6 43. axb5 axb5 1/2-1/2